17 - XXXTENTACION - Statistics

General Stats
  • This quiz has been taken 11 times
  • The average score is 5 of 11
Answer Stats
Songs Plays Artists % Correct
Fuck Love 2,036,508,602 XXXTENTACION, Trippie Love
90%
Everybody Dies In Their Nightmares 1,861,128,678 XXXTENTACION
60%
Save Me 366,300,693 XXXTENTACION
60%
Carry On 619,034,813 XXXTENTACION
50%
Jocelyn Flores 2,431,355,159 XXXTENTACION
50%
Orlando 195,371,264 XXXTENTACION
50%
Revenge 1,827,275,029 XXXTENTACION
50%
The Explanation 66,527,975 XXXTENTACION
40%
Ayala (Outro) 144,406,610 XXXTENTACION
30%
Dead Inside (Interlude) 150,240,330 XXXTENTACION
20%
Depression & Obession 413,325,076 XXXTENTACION
10%
No matching quizzes found
Score Distribution
Percent of People with Each Score
Percentile by Number Answered
Your Score History
You have not taken this quiz